Central Library OPAC University of Rajshahi

The social psychology of industry : (Record no. 35005)

MARC details
000 -LEADER
fixed length control field 00855nam a22002651 4500
001 - CONTROL NUMBER
control field 35005
003 - CONTROL NUMBER IDENTIFIER
rucl marc code BD-RjUL
005 - DATE AND TIME OF LATEST TRANSACTION
control field 20211209052238.0
008 - FIXED-LENGTH DATA ELEMENTS--GENERAL INFORMATION
fixed length control field 140520r19581954enk b 001 0 eng
035 ## - SYSTEM CONTROL NUMBER
System control number (BD-RjUL)35099
040 ## - CATALOGING SOURCE
Original cataloging agency DLC
Transcribing agency DLC
Modifying agency BD-RjUL
Language of cataloging eng
041 ## - LANGUAGE CODE
Language code of text/sound track or separate title eng
082 00 - DEWEY DECIMAL CLASSIFICATION NUMBER
Classification number 158.7
Edition number 19
Author mark and year BRS 1958
100 1# - MAIN ENTRY--PERSONAL NAME
Personal name Brown, J. A. C.
Fuller form of name (James Alexander Campbell),
Dates associated with a name 1911-1964.
9 (RLIN) 42755
245 14 - TITLE STATEMENT
Title The social psychology of industry :
Remainder of title human relations in the factory /
Statement of responsibility, etc. J A C Brown
260 ## - PUBLICATION, DISTRIBUTION, ETC. (IMPRINT)
Place of publication, distribution, etc. Harmondsworth ; Middlesex :
Name of publisher, distributor, etc. Penguin Books,
Date of publication, distribution, etc. 1954 [reprinted 1958].
300 ## - PHYSICAL DESCRIPTION
Pagination 309 p. ;
Size 19 cm.
490 1# - SERIES STATEMENT
Series statement Pelican books, A296
504 ## - BIBLIOGRAPHY, ETC. NOTE
Bibliography, etc Includes Bibliography and index.
650 #0 - SUBJECT ADDED ENTRY--TOPICAL TERM
Topical term or geographic name as entry element Psychology, Industrial.
9 (RLIN) 106593
830 1# - SERIES ADDED ENTRY--UNIFORM TITLE
Uniform title Pelican books, A296
942 ## - ADDED ENTRY ELEMENTS (KOHA)
Source of classification or shelving scheme Dewey Decimal Classification
Koha item type Books
Holdings
Lost status Source of classification or shelving scheme Damaged status Not for loan Collection code Permanent Location Current Location Shelving location Date acquired Total Checkouts Full call number Date last seen Copy number Koha item type Source of acquisition Cost, normal purchase price
  Dewey Decimal Classification     Non-fiction Central Library, University of Rajshahi Central Library, University of Rajshahi   20/05/2014   158.7 BRS 1958 20/05/2014 C-9 Books    
  Dewey Decimal Classification     Non-fiction Central Library, University of Rajshahi Central Library, University of Rajshahi   28/03/1963   158.7 BRS 1962 22/05/2014 C-4 Books Zeitlinger 41.00
  Dewey Decimal Classification     Non-fiction Central Library, University of Rajshahi Central Library, University of Rajshahi   28/03/1963   158.7 BRS 1963 22/05/2014 C-6 Books Zeitlinger 41.00
  Dewey Decimal Classification     Non-fiction Central Library, University of Rajshahi Central Library, University of Rajshahi   11/05/1977   158.7 BRS 1975 22/05/2014 C-7 Books W.Heffer & Sons. 1.00
  Dewey Decimal Classification     Non-fiction Central Library, University of Rajshahi Central Library, University of Rajshahi   28/03/1963   158.7 BRS 1958 16/06/2014 C-5 Books Zitlinger 4.00
  Dewey Decimal Classification     Non-fiction Central Library, University of Rajshahi Central Library, University of Rajshahi   28/03/1963   158.7 BRS 1958 16/06/2014 C-3 Books Zeitlinger 4.00